000 00280nam a22000977a 4500
008 230418b |||||||| |||| 00| 0 eng d
020 _a9780340893074
100 _aBlyton Guid
_97607
245 _aThe Secret Seven ( The Secret Seven)-1
260 _aLondon
_bHodder Children's Book
_c2015
999 _c12259
_d12259